Ley de Ordenación del Territorio y Urbanismo de La Rioja (Registro nro. 159141)
[ vista simple ]
| 000 -LEADER | |
|---|---|
| fixed length control field | 01260ny a22003013n 4500 |
| 008 - FIXED-LENGTH DATA ELEMENTS--GENERAL INFORMATION | |
| fixed length control field | 070417s2008 sp 000 0 spa d |
| 020 ## - INTERNATIONAL STANDARD BOOK NUMBER | |
| International Standard Book Number | 9788495748867 |
| 035 ## - | |
| -- | 2564 |
| 040 ## - CATALOGING SOURCE | |
| Original cataloging agency | UCAR |
| Modifying agency | vLex |
| 080 ## - | |
| -- | 349.44(049) |
| 090 ## - | |
| -- | 619 |
| -- | 619 |
| 100 1# - MAIN ENTRY--PERSONAL NAME | |
| Personal name | Fernández Maestu, José Luis |
| 245 10 - TITLE STATEMENT | |
| Title | Ley de Ordenación del Territorio y Urbanismo de La Rioja |
| Medium | [Recurso electrónico] |
| Statement of responsibility, etc | José Luis Fernández Maestu |
| 256 ## - | |
| -- | Servicio en línea |
| 260 ## - PUBLICATION, DISTRIBUTION, ETC. (IMPRINT) | |
| Place of publication, distribution, etc | Madrid : |
| Name of publisher, distributor, etc | Dijusa, |
| Date of publication, distribution, etc | 2008 |
| 300 ## - PHYSICAL DESCRIPTION | |
| Extent | p. ; |
| Dimensions | cm |
| 506 1# - RESTRICTIONS ON ACCESS NOTE | |
| Terms governing access | Contenido solo disponible en los productos indicados |
| Authorized users | vLex Global |
| -- | vLex Global (Academic Edition, excluding Law Schools) |
| -- | vLex Global (U.S. Academic Edition, Law Schools) |
| -- | vLex Global (U.S. Academic Edition, excluding Law Schools) |
| -- | vLex Global (Academic Edition, Law Schools) |
| 650 07 - SUBJECT ADDED ENTRY--TOPICAL TERM | |
| Topical term or geographic name as entry element | Administrativo |
| Source of heading or term | Tesauro vLex |
| 650 07 - SUBJECT ADDED ENTRY--TOPICAL TERM | |
| Topical term or geographic name as entry element | Urbanizaciones |
| Source of heading or term | Tesauro vLex |
| 650 07 - SUBJECT ADDED ENTRY--TOPICAL TERM | |
| Topical term or geographic name as entry element | Inmobiliario y registral |
| Source of heading or term | Tesauro vLex |
| 650 07 - SUBJECT ADDED ENTRY--TOPICAL TERM | |
| Topical term or geographic name as entry element | Derecho urbanístico |
| Source of heading or term | Tesauro vLex |
| 650 07 - SUBJECT ADDED ENTRY--TOPICAL TERM | |
| Topical term or geographic name as entry element | Ordenación urbana |
| Source of heading or term | Tesauro vLex |
| 650 07 - SUBJECT ADDED ENTRY--TOPICAL TERM | |
| Topical term or geographic name as entry element | Ordenación del territorio |
| Source of heading or term | Tesauro vLex |
| 740 0# - | |
| -- | vLex Libros (Servicios en línea) |
| 856 40 - LOCALIZACIÓN Y ACCESO ELECTRÓNICO | |
| Identificador Uniforme del Recurso (URI/URL) | https://app.vlex.com/#/sources/2564 |
| 942 ## - | |
| -- | RAA |
| 999 ## - | |
| -- | 159141 |
| -- | 159141 |
No hay ítems disponibles.